Loading...

S.T. Coleridge

Bibliographic Details
Main Author: Sunil Kumar Sarker
Format: Printed Book
Published: New Delhi Atlantic Publishers 2001
Subjects:
LEADER 00496cam a2200157ua 4500
020 |a 81-7156-976-5 
082 |a 821.709C  |b SUN/S 
100 0 |a Sunil Kumar Sarker 
245 1 0 |a S.T. Coleridge  
260 |a New Delhi  |b Atlantic Publishers  |c 2001 
300 |a 453p. 
650 |a Coleridge,Samuel Taylor 
650 0 |a English poetry 
942 |c BK 
999 |c 18182  |d 18182 
952 |0 0  |1 0  |4 0  |6 821_000000000000000_709C_SUNS  |7 0  |9 18982  |a KUCL  |b KUCL  |d 2014-05-23  |l 5  |m 1  |o 821.709C SUN/S  |p 19693  |r 2018-06-14  |s 2018-04-17  |y BK